| 000 | 00693cam a22001937a 4500 | ||
|---|---|---|---|
| 008 | 180718b2002 xxu||||| |||| 00| 0 eng d | ||
| 100 | _aJensen, Jesper | ||
| 245 |
_aTrade, foreign exchange, and energy policies in the Islamic Republic of Iran: reform agenda, economic implications, and impact on the poor _cby Jesper Jensen and David Tarr |
||
| 260 |
_aWashington, D.C. _bWorld Bank _c2002 |
||
| 300 | _a37p. | ||
| 440 | _aPolicy research working paper, no. 2768 | ||
| 650 | _aIran --Economic policy | ||
| 650 | _aIran --Commerce | ||
| 650 | _aSubsidies --Iran | ||
| 650 | _aPoor --Iran | ||
| 650 | _aEnergy policy --Iran | ||
| 650 | _aForeign exchange --Iran | ||
| 700 | _aTarr, David | ||
| 999 |
_c287967 _d287967 |
||